| 000 | 00400nam a2200145 i 4500 | ||
|---|---|---|---|
| 001 | 40181 | ||
| 003 | ES-MaACL | ||
| 005 | 20230906160145.0 | ||
| 007 | t| | ||
| 008 | 030305s1908 cr ||||1| spa d | ||
| 100 | 1 |
_aCarnegie, Andrew. _935359 |
|
| 245 | 1 | 0 |
_aPublicación del Liceo de Heredia / _cAndrés Carnegie. |
| 260 |
_aSan José (Costa Rica) : _b[s.n., _c1908] |
||
| 852 |
_aES-MaACL _jT-1157-F-10 |
||
| 999 |
_c40181 _d40181 |
||